000 00479nam a2200193Ia 4500
008 180523s9999 xx 000 0 und d
020 _a81-207-2607-3
050 _aMAIN GV 1007
050 _b.J66 2007
100 _aJones, Barbara M.
245 0 _aAll you wanted to know about badminton /
245 0 _cBarbara M. Jones.
260 _aNew Delhi :
260 _bNew Dawn Press,
260 _c2007
300 _a144 pages :
300 _c15 cm.
650 _aBadminton.
999 _c356712
_d356712